000 00610nam a2200217 i 4500
001 71681
003 ES-MaACL
005 20230906171210.0
007 t|
008 040817s1962 sp ||||1| cat d
100 1 _aGerlaud, M. J.
_956458
245 1 0 _aConstruir l'home /
_cM.J. Gerlaud, P. Haubtmann, G. Matagrin.
260 _aBarcelona :
_bEstela,
_c[1962]
300 _a95 p. ;
_c21 cm.
490 1 _aPadres vivents
700 1 _aHaubtmann, Pierre.
_962080
700 1 _aMatagrin, G.
_978903
830 0 _aPadres vivents
_9231080
852 _aES-MaACL
_jC-25448
_bR.51049
999 _c71681
_d71681